Vreckový atlas sveta

Uložené v:
Podrobná bibliografia
Médium: Kniha
Jazyk:Slovak
Vydavateľské údaje: Bratislava Kartografia 1981
Vydanie:5. vyd.
Tagy: Pridať tag
Žiadne tagy, Buďte prvý, kto otaguje tento záznam!

MARC

LEADER 00000nam a2200000 4500
001 c111526
005 20180827101158.0
041 0 |a slo 
044 |a SK 
245 1 0 |a Vreckový atlas sveta 
250 |a 5. vyd. 
264 1 |a Bratislava  |b Kartografia  |c 1981 
300 |a 68 s.